00465nam a2200133Ia 4500008004100000082001500041100002500056245006000081260004600141300001000187942001200197999001900209952010300228210430s9999 xx 000 0 und d a320 R685 I aCarlton Clymer Rodee aIntroduction to political sciencecCarlton Clymer Rodee aIslamabadbNational Book Foundationc2000 a559p. cBK2ddc c561631d561631 001040708NFICaSCMEbSCMEcGENd0006-03-11l0o320 R685 IpSCME-466r2021-04-30w2021-04-30yBK